000 01017nam a2200337 i 4500
001 6917
003 KOSZ 005
005 20211227140102.0
008 950505s1991 pl f f |000 0 pol d
020 _a839001470X
040 _cKOSZ 005
_aKOSZ005
_dKOSZ 005/HR
046 _k1991
080 _a004.92:744
080 _a(07)
100 1 _aPikoń, Andrzej
_eAutor
245 1 0 _aAutoCAD /
_cAndrzej Pikoń.
246 1 0 _aAutoCAD wersja 10
260 _aGliwice :
_bHelion,
_c1991.
300 _a135, [3] s. :
_brys. ;
_c24 cm.
380 _aKsiążki
388 _a2001-
500 _aTyt. okł. " AutoCAD wersja 10".
650 4 _aProjektowanie wspomagane komputerowo
650 4 _aAutoCAD
655 4 _aRysunek techniczny
655 4 _aPodręcznik
658 _aInformatyka i technologie informacyjne
710 2 _aHelion
_4pbl.
856 _uhttp://koha.tu.koszalin.pl/cgi-bin/koha/opac-detail.pl?biblionumber=6917
_yKatalog online BPK
942 _cKS
_2UKD
999 _c6917
_d6917